Les différents alphabets #2 - Statistiques

Statistiques générales
  • Ce quiz a été pris 58 fois
  • Le résultat moyen est 2 sur 19
Statistiques - réponses
Alphabet Nom de l'alphabet % Correct
⠵,⠙,⠺,⠑ Braille
92%
-...,.,.-,..-. Morse
63%
ø,ɪ,ɑ,e Phonétique
12%
ᚠ,ᚹ,ᛈ,ᛞ Runique
10%
𐤅,𐤎,𐤈,𐤃 Phénicien
8%
Ⲱ,Ⲡ,Ⳁ,Ϩ Copte
6%
𐡚,𐡔,𐡈,𐡂 Araméen
4%
𐌁,𐌘,𐌎,𐌯 Étrusque
4%
ᘖ,ᕒ,ᑨ,ᐇ Syllabaire autochtone canadien
4%
Ⰾ,Ⱏ,Ⰱ,Ⰰ Glagolitique
2%
𐌺,𐍈,𐌳,𐌷 Gotique
2%
𐎗,𐎍,𐎃,𐎌 Ougaritique
2%
𐤃,𐤍,𐤒,𐤀 Punique
2%
ܓ,ܢ,ܫ,ܛ Syriaque
2%
ࡐ,ࡕ,ࡀ,ࡁ Mandéen
0%
𐢋,𐢖,𐢞,𐢀 Nabatéen
0%
߃,ߋ,ߢ,ߝ N'ko
0%
ϭ,ⳣ,ϣ,ϩ Nubien
0%
𐰦,𐰔,𐰎,𐱄 Orkhon
0%
Aucun quiz correspondant
Distribution des résultats
% des personnes avec chaque résultat
Percentile par nombre de réponses
Votre historique - résultats
Vous n’avez pas pris ce quiz